000 00484cam a2200193 4500
001 D10192
008 090401t1983 xxu||||| |||| 00| 0 eng d
035 _a(Sirsi) u94373
041 _aeng
050 _a711.1
100 _aBayliss, Jeremy
245 _aPlanning control of non-retail users in shopping centres and precincts
260 _c1983
350 _a0
520 _aIn Blundell memorial lectures 1983
700 _aSmart, Gerald
942 _n0
948 _c04/03/1997
999 _c98004
_d98004